| 000 | 00599pam a2200157 a 4500 | ||
|---|---|---|---|
| 020 | _a0470216859 (USA) | ||
| 020 | _a0582050669 | ||
| 082 | 0 | 0 |
_a624.18341 _bRIC _cL-, P-1/33 |
| 100 | 1 |
_aRichardson, John George. _943286 |
|
| 245 | 1 | 0 |
_aQuality in precast concrete : _bdesign--production--supervision / _cJohn G. Richardson. |
| 260 |
_aHarlow, Essex, England : _bLongman Scientific & Technical ; _aNew York : _bCopublished in the U.S. with Wiley, _c1991. |
||
| 300 |
_ax, 395 p. : _bill. ; _c25 cm. |
||
| 526 |
_a0 _b0 _c0 _d624_183410000000000_RIC |
||
| 650 | 0 |
_aPrecast concrete. _925659 |
|
| 942 |
_2ddc _cBK |
||
| 999 |
_c547106 _d547106 |
||